| 000 | 00757nam a2200217 i 4500 | ||
|---|---|---|---|
| 001 | 139014 | ||
| 003 | ES-MaACL | ||
| 005 | 20250805055749.0 | ||
| 007 | t| | ||
| 008 | 070214s1971 sp f |||| |dspa d | ||
| 080 | _a929 Carlos (460.16) III | ||
| 100 | 1 |
_aSaralegui, Carmen. _9103751 |
|
| 245 | 1 | 3 |
_aEl testamento de Carlos III de Navarra / _cedición, estudio lingüístico y vocabulario de Carmen Saralegui. |
| 260 |
_aPamplona : _bInstitución Príncipe de Viana, _c1971. |
||
| 300 |
_a179 p., 4 lám. ; _c21 cm. |
||
| 600 | 0 | 7 |
_aCarlos _bIII, _cRey de Navarra _2 _9156131 |
| 650 | 4 |
_aLengua española- _yHasta S.XV. _9163204 |
|
| 710 | 2 |
_aInstitución Príncipe de Viana _94730 |
|
| 852 |
_aES-MaACL _jC-48279 |
||
| 999 |
_c139014 _d139014 |
||